Mitos y realidades de ISO 9001:2000 en organizaciones educativas
| Main Author: | |
|---|---|
| Format: | Section = Libro |
| Language: | Undetermined Spanish |
| Published: |
México
Limusa
2006
|
| Subjects: |
| LEADER | 00587nam a2200193Ia 4500 | ||
|---|---|---|---|
| 008 | 240829s9999 xx 000 0 und d | ||
| 020 | |a 968-18-6790-4 | ||
| 040 | |a BIBLIOTECA-RUSB/ 379.158 Y99 | ||
| 041 | |a spa | ||
| 082 | |a 379.158 Y99 | ||
| 100 | 1 | |a Yzaguirre, Laura Elenea | |
| 245 | 1 | 0 | |a Mitos y realidades de ISO 9001:2000 en organizaciones educativas |
| 260 | |a México |b Limusa |c 2006 | ||
| 300 | |a 128 p. :il. | ||
| 650 | 7 | |a NORMAS Y ACREDITACION ESCOLARES - 1SO -001-2000 | |
| 650 | 7 | |b SISTEMAS DE GESTION - CALIDAD EDUCACION - MEXICO | |
| 942 | |c BK |2 ddc | ||
| 991 | |a TEXTO | ||
| 999 | |c 1177 | ||